000 00223nmm a2200085Ia 4500
008 220120s9999||||xx |||||||||||||||||und||
100 _aPCQ
245 0 _a5 CRM Solutions, solar 1.0.0, Licence Protecttro 2.4.1.
260 _c2006
999 _c138498
_d138498